00446 2200181 4500001002100000005001500021008004100036020001800077035001900095041000700114082000800121090001400129100001500143245002100158260004100179300002800220650001600248INLIS00000000000065020241224112216241224||||||||| | ||| |||| || |  a979-9340-34-9 0010-1224000650 aid0 a300 a300 SAL p0 aAgus Salim00aPerubahan sosial aYogyakartabTiara Wacana Yogyac2002 axxvii + 318 hlm.; 21 cm 0aIlmu Sosial